| 000 | 00769cam a2200217 4500 | ||
|---|---|---|---|
| 001 | WB3636-15 | ||
| 008 | 000000n2000 000 0 eng u | ||
| 035 | _a(Sirsi) u108293 | ||
| 245 | _aWilcon to pioneer shared ownership | ||
| 260 | _c2000 | ||
| 490 |
_aBuilding Trade and Industry _v16(9) September 2000, 68(1) |
||
| 520 | _aDescribes Wilcon Homes' bid to be the first house builder to follow the government's 'commonhold initiative', which aims to provide communal ownership of housing developments to residents. | ||
| 590 | _aWB | ||
| 650 | _aWILCON | ||
| 650 | _aCOMMONHOLD MANAGEMENT | ||
| 650 | _aCOMMONHOLD AND LEASEHOLD REFORM BILL | ||
| 650 | _aCOMMUNAL OWNERSHIP | ||
| 650 | _aCOMMUNITY SCHEMES | ||
| 690 | _aHOUSING-DEVELOPMENT | ||
| 942 | _n0 | ||
| 999 |
_c64650 _d64650 |
||